000 00260nam a22001217a 4500
008 181017b xxu||||| |||| 00| 0 eng d
041 _aeng
080 _a370
100 _a47
101 _aedu
245 _aThe Writing Fiction
_cEdith.W
942 _2udc
_cBK
999 _c49955
_d49955